<?xml version="1.0" encoding="UTF-8"?>
<record
    xmlns:xsi="http://www.w3.org/2001/XMLSchema-instance"
    xsi:schemaLocation="http://www.loc.gov/MARC21/slim http://www.loc.gov/standards/marcxml/schema/MARC21slim.xsd"
    xmlns="http://www.loc.gov/MARC21/slim">

  <leader>01146nam a2200301 ia4500</leader>
  <controlfield tag="003">OSt</controlfield>
  <controlfield tag="005">20240428152216.0</controlfield>
  <controlfield tag="008">201013s2020    ii ac  jr6    000 1 tam d</controlfield>
  <datafield tag="020" ind1=" " ind2=" ">
    <subfield code="a">9788194000938</subfield>
    <subfield code="c">RM215.60</subfield>
    <subfield code="q">paperback</subfield>
  </datafield>
  <datafield tag="040" ind1=" " ind2=" ">
    <subfield code="a">PPAK</subfield>
    <subfield code="b">eng</subfield>
    <subfield code="c">PPAK</subfield>
    <subfield code="e">rda</subfield>
  </datafield>
  <datafield tag="082" ind1="0" ind2="4">
    <subfield code="a">741.5</subfield>
    <subfield code="2">23</subfield>
  </datafield>
  <datafield tag="090" ind1="0" ind2="0">
    <subfield code="a">741.5</subfield>
    <subfield code="b">KAL</subfield>
    <subfield code="d">G</subfield>
  </datafield>
  <datafield tag="090" ind1="0" ind2="0">
    <subfield code="a">741.5</subfield>
    <subfield code="b">KAL</subfield>
    <subfield code="d">K</subfield>
  </datafield>
  <datafield tag="100" ind1="0" ind2=" ">
    <subfield code="6">880-01</subfield>
    <subfield code="a">Kalki,</subfield>
    <subfield code="e">author.</subfield>
  </datafield>
  <datafield tag="245" ind1="1" ind2="0">
    <subfield code="a">Kalkiyin ponniyin celvan kamiks = </subfield>
    <subfield code="b">Ponniyin Selvan Comics. </subfield>
    <subfield code="n">Puttakam 1 /</subfield>
    <subfield code="c">Kalki ,  M. Karthikeyan.</subfield>
  </datafield>
  <datafield tag="264" ind1=" " ind2="1">
    <subfield code="a">Chennai, India :</subfield>
    <subfield code="b">Nila Comics,</subfield>
    <subfield code="c">2020</subfield>
  </datafield>
  <datafield tag="300" ind1=" " ind2=" ">
    <subfield code="a">379 pages :</subfield>
    <subfield code="b">colour illustrations, colour portraits ;</subfield>
    <subfield code="c">28 cm</subfield>
  </datafield>
  <datafield tag="336" ind1=" " ind2=" ">
    <subfield code="a">text</subfield>
    <subfield code="2">rdacontent</subfield>
  </datafield>
  <datafield tag="336" ind1=" " ind2=" ">
    <subfield code="a">still image </subfield>
    <subfield code="2">rdacontent</subfield>
  </datafield>
  <datafield tag="337" ind1=" " ind2=" ">
    <subfield code="a">unmediated</subfield>
    <subfield code="2">rdamedia</subfield>
  </datafield>
  <datafield tag="338" ind1=" " ind2=" ">
    <subfield code="a">volume</subfield>
    <subfield code="2">rdacarrier</subfield>
  </datafield>
  <datafield tag="650" ind1="1" ind2="0">
    <subfield code="a">Comic books, strips, etc.</subfield>
  </datafield>
  <datafield tag="650" ind1="2" ind2="0">
    <subfield code="a">Comic books and teenagers</subfield>
  </datafield>
  <datafield tag="700" ind1="0" ind2=" ">
    <subfield code="a">M. Karthikeyan, </subfield>
    <subfield code="e">author.</subfield>
  </datafield>
  <datafield tag="880" ind1="1" ind2=" ">
    <subfield code="6">100-01</subfield>
    <subfield code="a">&#xB95;&#xBB2;&#xBCD;&#xB95;&#xBBF;</subfield>
    <subfield code="e">&#xBA8;&#xBC2;&#xBB2;&#xBBE;&#xB9A;&#xBBF;&#xBB0;&#xBBF;&#xBAF;&#xBB0;&#xBCD;.</subfield>
  </datafield>
  <datafield tag="880" ind1="1" ind2="0">
    <subfield code="6">245-02</subfield>
    <subfield code="a">&#xB95;&#xBBE;&#xBAE;&#xBBF;&#xB95;&#xBCD; &#xBAA;&#xBCA;&#xBA9;&#xBBF;&#xBA9;&#xBBF;&#xBA9;&#xBCD; &#xB9A;&#xBC6;&#xBB2;&#xBCD;&#xBB5;&#xBA9;&#xBCD; :</subfield>
    <subfield code="n">&#xBAA;&#xBC1;&#xBA4;&#xBCD;&#xBA4;&#xB95;&#xBAE;&#xBCD; 1 / &#xB95;&#xBB2;&#xBCD;&#xB95;&#xBBF;</subfield>
  </datafield>
  <datafield tag="942" ind1=" " ind2=" ">
    <subfield code="2">ddc</subfield>
    <subfield code="c">B</subfield>
  </datafield>
  <datafield tag="999" ind1=" " ind2=" ">
    <subfield code="c">179479</subfield>
    <subfield code="d">179479</subfield>
  </datafield>
  <datafield tag="952" ind1=" " ind2=" ">
    <subfield code="0">0</subfield>
    <subfield code="7">0</subfield>
    <subfield code="b">PPAK</subfield>
    <subfield code="c">G</subfield>
    <subfield code="d">2020-11-09</subfield>
    <subfield code="l">6</subfield>
    <subfield code="m">1</subfield>
    <subfield code="o">741.5 KAL</subfield>
    <subfield code="p">A01660497</subfield>
    <subfield code="r">2024-02-24 13:43:13</subfield>
    <subfield code="s">2024-02-22</subfield>
    <subfield code="y">B</subfield>
  </datafield>
  <datafield tag="952" ind1=" " ind2=" ">
    <subfield code="0">0</subfield>
    <subfield code="7">0</subfield>
    <subfield code="b">KM</subfield>
    <subfield code="c">G</subfield>
    <subfield code="d">2020-11-09</subfield>
    <subfield code="l">8</subfield>
    <subfield code="m">2</subfield>
    <subfield code="o">741.5 KAL</subfield>
    <subfield code="p">A01660498</subfield>
    <subfield code="r">2024-08-17 15:50:46</subfield>
    <subfield code="s">2024-07-06</subfield>
    <subfield code="y">B</subfield>
  </datafield>
  <datafield tag="952" ind1=" " ind2=" ">
    <subfield code="0">0</subfield>
    <subfield code="7">0</subfield>
    <subfield code="b">PPAK</subfield>
    <subfield code="c">K</subfield>
    <subfield code="d">2024-05-29</subfield>
    <subfield code="l">0</subfield>
    <subfield code="o">K 741.5 KAL</subfield>
    <subfield code="p">A01821841</subfield>
    <subfield code="r">2024-05-29 15:33:37</subfield>
    <subfield code="y">B</subfield>
  </datafield>
  <datafield tag="952" ind1=" " ind2=" ">
    <subfield code="0">0</subfield>
    <subfield code="7">0</subfield>
    <subfield code="b">SP</subfield>
    <subfield code="c">K</subfield>
    <subfield code="d">2024-05-29</subfield>
    <subfield code="l">2</subfield>
    <subfield code="o">K 741.5 KAL</subfield>
    <subfield code="p">A01821842</subfield>
    <subfield code="r">2024-09-29 13:12:41</subfield>
    <subfield code="s">2024-09-08</subfield>
    <subfield code="y">B</subfield>
  </datafield>
</record>
